Score 0/15 Timer 02:00
2 Plays Today
Clue 4-Letter Word % Correct
Branch of the militaryARMY
95.6%
Length times widthAREA
89.7%
Venus de Milo needARMS
88.8%
Branch of the militaryNAVY
88.6%
Greek god of warARES
86.9%
A flower holderVASE
83.1%
Red root veggieBEET
80.2%
Enormous, as spaceVAST
67.9%
Clue 4-Letter Word % Correct
Main part of a church interiorNAVE
64.6%
'La ___ Tar Pits'BREA
60.6%
Outdo, in a fightBEST
59.5%
First name for a wrestling 'Hitman'?BRET
58%
Sleeveless garmentVEST
56.8%
What a closer tries to earn?SAVE
48.7%
Enclosure in mail where you want something returnedSASE
42.8%

Today's Daily Dose

Missing Word
Train Books

Word Ladder
Piano Man

Quick Pick
Google Products

Get the Picture
Moana or Coco

Remove Ads.
Support Sporcle.
Get the best of Sporcle when you Go Orange. This ad-free experience offers more features, more stats, and more fun while also helping to support Sporcle. Thank you for becoming a member.

You're not logged in!

Compare scores with friends on all Sporcle quizzes.
OR
Log In

Show Comments

Extras

Top Quizzes Today


Score Distribution

Your Account Isn't Verified!

In order to create a playlist on Sporcle, you need to verify the email address you used during registration. Go to your Sporcle Settings to finish the process.

Report this User

Report this user for behavior that violates our Community Guidelines.

Details: